Economy and human resources (Record no. 28337)

MARC details
000 -LEADER
fixed length control field 00312nam a2200121Ia 4500
082 ## - DEWEY DECIMAL CLASSIFICATION NUMBER
Classification number 338.2 +331.101.262
Item number BAT
100 ## - MAIN ENTRY--AUTHOR NAME
Personal name BATRA, V P
245 #0 - TITLE STATEMENT
Title Economy and human resources
260 ## - PUBLICATION, DISTRIBUTION, ETC. (IMPRINT)
Place of publication Delhi
Name of publisher BRPub Corp
Year of publication 1978
650 ## - SUBJECT ADDED ENTRY--TOPICAL TERM
Topical Term Manpower planning
942 ## - ADDED ENTRY ELEMENTS (KOHA)
Koha item type Books
Holdings
Withdrawn status Lost status Damaged status Not for loan Home library Current library Date acquired Full call number Accession Number Koha item type
        RRII Library RRII Library 16/12/2021 338.2 +331.101.262 BAT 08938 Books